| 000 | 00462nam a2200145Ia 4500 | ||
|---|---|---|---|
| 008 | 210430s9999 xx 000 0 und d | ||
| 020 | _a0070668957 (paperback) | 97800 | ||
| 082 | _a620.112 | ||
| 100 |
_aS.S.Rattan. _954181 |
||
| 245 |
_aStrength of materials / _cS.S.Rattan. |
||
| 260 |
_a[S.l.] : _bMcgraw Hill Higher Education, |
||
| 300 | _a1 v. (unpaged) | ||
| 856 | _uhttp://www.amazon.com/exec/obidos/ASIN/0070668957/chopaconline-20 | ||
| 942 |
_cBK _2ddc |
||
| 999 |
_c564660 _d564660 |
||